Numéro des départements français sur la carte de France - Statistiques

Statistiques générales
  • Ce quiz a été pris 417 fois
  • Le résultat moyen est 45 sur 101
Réponses sur la Carte
Les réponses sont colorées sur une échelle allant du rouge au vert en fonction du pourcentage des utilisateurs qui les ont devinées à leur premier essai. Vous pouvez retrouver ces pourcentages ci-dessous.
 
Statistiques - réponses
Réponse % Correct
75
73%
01
61%
2A
61%
59
59%
02
57%
93
56%
13
55%
69
54%
06
53%
40
53%
60
53%
91
53%
92
53%
44
52%
62
52%
04
51%
14
51%
22
51%
29
51%
33
51%
35
51%
50
51%
80
51%
94
51%
16
50%
68
50%
03
49%
07
49%
17
49%
34
49%
67
49%
76
49%
77
49%
78
49%
56
48%
64
48%
73
48%
85
48%
2B
47%
38
47%
66
47%
90
47%
95
47%
971
47%
65
46%
30
45%
83
45%
84
45%
08
44%
11
44%
21
44%
61
44%
05
43%
12
43%
15
43%
24
43%
31
43%
63
43%
18
42%
26
42%
39
42%
72
42%
25
41%
42
41%
51
41%
74
41%
86
41%
87
41%
88
41%
976
41%
09
40%
10
40%
32
40%
49
40%
27
39%
28
39%
37
39%
43
39%
45
39%
47
39%
53
39%
974
39%
19
38%
54
38%
57
38%
79
38%
81
38%
41
37%
48
37%
89
37%
973
37%
23
36%
36
36%
55
36%
58
36%
71
35%
46
34%
52
34%
70
34%
972
34%
82
32%
Aucun quiz correspondant
Distribution des résultats
% des personnes avec chaque résultat
Percentile par nombre de réponses
Votre historique - résultats
Vous n’avez pas pris ce quiz